[Event "Sao Paulo Braga Memorial 2nd"]
[Site "Sao Paulo"]
[Date "2013.07.10"]
[Round "6"]
[White "Nicolini, Paulo Giovanni De A"]
[Black "Caporale, Giuseppe Guido"]
[Result "1-0"]
[WhiteElo "1822"]
[BlackElo "1787"]
[PlyCount "77"]
[EventDate "2013.07.05"]
[EventType "swiss"]
[EventRounds "9"]
[EventCountry "BRA"]
[SourceTitle "CBM 155 Extra"]
[Source "ChessBase"]
[SourceDate "2013.08.26"]
[SourceVersion "1"]
[SourceVersionDate "2013.08.26"]
[SourceQuality "1"]

1. e4 c5 2. Nf3 d6 3. d4 cxd4 4. Nxd4 Nf6 5. Nc3 a6 6. Be3 e5 7. Nb3 Be6 8. f3 Nbd7 9. Qd2 b5 10. g4 h6 11. 0-0-0 Nb6 12. Bxb6 Qxb6 13. Nd5 Nxd5 14. exd5 Bd7 15. Bd3 Be7 16. h4 a5 17. Kb1 a4 18. Nc1 b4 19. g5 h5 20. Ne2 g6 21. f4 0-0 22. f5 gxf5 23. Ng3 f4 24. g6 Bg4 25. Nf5 Bf6 26. Nh6+ Kg7 27. Nxg4 hxg4 28. Qg2 g3 29. h5 Bg5 30. Qh3 e4 31. h6+ Kxg6 32. Bxe4+ f5 33. Qh5+ Kf6 34. Bd3 Rae8 35. Rde1 g2 36. Qh3 Re5 37. Qxg2 Qd4 38. Reg1 Rg8 39. h7 1-0